00873 2200229 4500001002100000005001500021007000300036008004100039020002200080035002000102082001000122084001600132100001700148245009300165250000600258260003100264300004600295520025600341650001200597700001700609990001700626INLIS00000000000037220260521082007ta260521 j 1 ind  a978-623-206-459-1 a0010-0323000266 a635.6 a635.6 FAI s0 aFaisol Anam1 aSeri Cari Tahu, Yuk ! :bMengapa cabai pedas ? /cFaisol Anam ; ilistrasi, Bella Ansori a- aSolo :bTiga Ananda,c2020 a26 :bilus. ; gambar berwarna ;c25 cme- aMengapa cabai rasanya pedas ya Lalu bagaimana jika kita kebanyakan makan cabai Wah rupanya banyak pertanyaan menarik seputar cabai Untuk mengetahui jawabannya mari baca buku ini Kamu akan mengetahui banyak hal tentang seluk beluk cabai Selamat membaca 4aTanaman0 aBella Ansori a00075/K/2020